Stress management for adolescents : (Record no. 360)

MARC details
000 -LEADER
fixed length control field 00693nam a2200193 a 4500
005 - DATE AND TIME OF LATEST TRANSACTION
control field 20260322212016.0
008 - FIXED-LENGTH DATA ELEMENTS--GENERAL INFORMATION
fixed length control field data
020 ## - INTERNATIONAL STANDARD BOOK NUMBER
International Standard Book Number 087822436X (student manual)
020 ## - INTERNATIONAL STANDARD BOOK NUMBER
International Standard Book Number 9780878224364 (student manual)
040 ## - CATALOGING SOURCE
Original cataloging agency Borders/Amazon
090 ## - LOCALLY ASSIGNED LC-TYPE CALL NUMBER (OCLC); LOCAL CALL NUMBER (RLIN)
Classification number (OCLC) (R) ; Classification number, CALL (RLIN) (NR) BF 724.3 .S86 D347 2002
001 - CONTROL NUMBER
control field data
100 1# - MAIN ENTRY--PERSONAL NAME
Personal name De Anda, Diane.
245 10 - TITLE STATEMENT
Title Stress management for adolescents :
Remainder of title a cognitive-behavioral program : student manual /
Statement of responsibility, etc. Diane De Anda.
260 ## - PUBLICATION, DISTRIBUTION, ETC.
Place of publication, distribution, etc. Champaign, Ill.
Name of publisher, distributor, etc. Research Press
Date of publication, distribution, etc. 2002
300 ## - PHYSICAL DESCRIPTION
Extent iii, 61 p. :
Other physical details spiralbound ;
Dimensions ill. ; 28 cm.
650 #4 - SUBJECT ADDED ENTRY--TOPICAL TERM
Topical term or geographic name entry element Stress in adolescence
General subdivision rehabilitation
-- rehabilitation
650 #4 - SUBJECT ADDED ENTRY--TOPICAL TERM
Topical term or geographic name entry element Stress management for teenagers
General subdivision rehabilitation
-- rehabilitation
Holdings
Withdrawn status Lost status Damaged status Not for loan Home library Current library Shelving location Date acquired Total checkouts Full call number Barcode Date last seen Price effective from Koha item type
        Springfield Springfield General stacks 22/03/2026   GEN BC0010370 22/03/2026 22/03/2026 Books